Statistics for Random Knowledge Quiz #4

Click here to take the quiz!

General Stats

  • This quiz has been taken 105 times
  • The average score is 6 of 15

Answer Stats

QuestionAnswer% Correct
How many major airports does London have?6
89%
What do all 5 major Nordic countries have on their flag?A cross
85%
And which of them is the busiest?Heathrow
81%
The numbers on the opposite sides of a six-sided die always add up to what number?7
79%
Which famous surrealist artist designed the Chupa Chups logo?Salvador Dali
49%
What is the only part of the body that cannot heal itself?Teeth
40%
Banana, blueberry cheesecake and Oreo ice cream, as well as baked potato, melon and cheese, wasabi, and vegetable juice are all flavors of which candy bar in Japan?Kit Kat
38%
Octothorpe is used every day in social media and is more commonly known as what?Hashtag
31%
Where could you get on the shortest commercial flight in the world, just under 2 miles?Scotland
20%
Whose infamous dress is said to be the reason Google Image Search was created?Jennifer Lopez
19%
What is the first animated movie to be nominated for the Best Picture Oscar?Beauty and the Beast
18%
What are baby rabbits called?Kits
18%
What is a female human called in Narnia?Daughter of Eve
9%
What country elected the world's first openly gay president in 2023?Latvia
8%
What ingredients go into the cocktail Cuba Libre?Rum, cola, and lime
6%

Score Distribution

Percentile by Number Answered

Percent of People with Each Score

Your Score History

You have not taken this quiz